[Event "GER-chT U12"]
[Site "Magdeburg"]
[Date "2019.12.28"]
[Round "4.6"]
[White "Makarov, Mark Alexander"]
[Black "Mandalka, Justus"]
[Result "1-0"]
[WhiteElo "1243"]
[BlackElo "1220"]
[PlyCount "155"]
[EventDate "2019.12.27"]
[EventType "team-swiss"]
[EventRounds "7"]
[EventCountry "GER"]
[SourceTitle "CBM 194 Extra"]
[Source "ChessBase"]
[SourceDate "2020.03.31"]
[SourceVersion "1"]
[SourceVersionDate "2020.03.31"]
[SourceQuality "1"]
[WhiteTeam "Ingelheim"]
[BlackTeam "Bad Homburg"]
[WhiteTeamCountry "GER"]
[BlackTeamCountry "GER"]

1. e4 c5 2. Nf3 Nc6 3. d4 cxd4 4. Nxd4 e6 5. Nc3 Bc5 6. Nf3 Nf6 7. h3 0-0 8. Bg5 d6 9. Bb5 Re8 10. Bxc6 bxc6 11. e5 dxe5 12. Qxd8 Rxd8 13. Nxe5 Bb7 14. 0-0 Bd4 15. Ng4 Rd7 16. Bxf6 gxf6 17. Rad1 Kg7 18. Ne2 Rad8 19. c3 Bb6 20. Rxd7 Rxd7 21. Ng3 Kg6 22. Ne4 Bd8 23. Nc5 Rc7 24. Rd1 Be7 25. Ne4 Kg7 26. Ng3 f5 27. Ne5 f6 28. Nf3 Bc8 29. Nd4 a6 30. Nh5+ Kf7 31. f3 Bc5 32. Kh1 e5 33. Ne2 f4 34. b4 Be3 35. Rd6 Rd7 36. Rxc6 Bb7 37. Rxf6+ Ke7 38. Rh6 Kd8 39. Kh2 Bxf3 40. gxf3 Rd2 41. h4 Rxe2+ 42. Kh3 Rxa2 43. Rxh7 Rc2 44. Rh6 Rxc3 45. Rxa6 Rb3 46. Ra5 Bd4 47. Rb5 Rxf3+ 48. Kg4 Rb3 49. Nxf4 Bc3 50. Nd5 Bb2 51. h5 Bd4 52. h6 e4 53. Nf4 Bb2 54. h7 Kd7 55. Nd5 Kc6 56. Rc5+ Kd6 57. Kf5 e3 58. Nf6 Rxb4 59. Rc8 Rh4 60. h8Q Rxh8 61. Rxh8 e2 62. Re8 e1Q 63. Rxe1 Bc3 64. Rd1+ Ke7 65. Rd7+ Kf8 66. Kg6 Be5 67. Ng8 Bf6 68. Rf7+ Ke8 69. Rxf6 Kd7 70. Kf5 Kc7 71. Ke5 Kd7 72. Nh6 Ke7 73. Rf7+ Kd8 74. Ke6 Ke8 75. Nf5 Kd8 76. Kd6 Ke8 77. Nh6 Kd8 78. Rf8# 1-0